00582nam a2200217 a 450000100060000000300080000600500170001400800410003103500190007204000230009104100080011408200230012210000310014524500510017626000350022730000250026235000110028750400310029865000230032965000120035246489BD-RjUL20211209054147.0160802s1964 ii b 000 0 eng  a(BD-RjUL)46607 aDLCcDLCdDLCbeng aeng a342.5491bCHO 19641 aChaudhuri, Muzaffar Ahmed.10aOutlines of civics /cMuzaffar Ahmed Chaudhuri aChaumuhani :bPuthighar,c1964 avi, 594 p. ;c22 cm. aRs7.50 aBibliographical footnotes. 0aCivics, Pakistani. 0aCivics.